000 00490nam a2200193Ia 4500
005 20250423100631.0
008 250422s9999 xx 000 0 und d
020 _a9780323296168
050 _aQP 514.2 .M45/
100 _aMeisenberg, Gerhard
245 0 _aPrinciples of medical biochemistry
250 _a4th ed.
260 _aPhiladelphia
260 _bElsevier
260 _c2017
300 _a617 p
650 _a Biochemistry. Clinical biochemistry.
942 _cBK
999 _c33897
_d33897